Combien de ville des Cotes-d'Armor (22) connais-tu ? - Statistiques

Statistiques générales
  • Ce quiz a été pris 15 fois
  • Le résultat moyen est 26 sur 348
Statistiques - réponses
Code postal Ville % Correct
22000 Saint-Brieuc
100%
22096 Guingamp
86%
22101 Dinan
64%
22096 Lannion
64%
22360 Langueux
50%
22604 Loudéac
50%
22500 Paimpol
50%
22192 Plérin
43%
22730 Trégastel
43%
22430 Erquy
36%
22700 Perros-Guirec
36%
22370 Pléneuf-Val-André
36%
22000 Ploufragan
36%
22580 Plouha
36%
22590 Pordic
36%
22120 Yffiniac
36%
22140 Bégard
29%
22240 Fréhel
29%
22120 Hillion
29%
22290 Lanvollon
29%
22200 Pabu
29%
22560 Pleumeur-Bodou
29%
22420 Plouaret
29%
22950 Trégueux
29%
22440 Trémuson
29%
22460 Uzel
29%
22810 Belle-Isle-en-Terre
21%
22140 Cavan
21%
22200 Grâces
21%
22500 Kerfot
21%
22400 Lamballe-Armor
21%
22740 Lézardrieux
21%
22700 Louannec
21%
22230 Merdrignac
21%
22940 Plaintel
21%
22960 Plédran
21%
22310 Plestin-les-Grèves
21%
22200 Pommerit-le-Vicomte
21%
22260 Pontrieux
21%
22120 Quessoy
21%
22300 Rospez
21%
22200 Saint-Agathon
21%
22220 Tréguier
21%
22460 Allineuc
14%
22140 Brélidy
14%
22450 Camlez
14%
22570 Gouarec
14%
22290 Goudelin
14%
22150 Hénon
14%
22400 Landéhen
14%
22540 Louargat
14%
22550 Matignon
14%
22540 Pédernec
14%
22800 Plaine-Haute
14%
22130 Plancoët
14%
22170 Plélo
14%
22720 Plésidy
14%
22620 Ploubazlanec
14%
22260 Plouëc-du-Trieux
14%
22200 Plouisy
14%
22300 Ploulec'h
14%
22970 Ploumagoar
14%
22780 Plounérin
14%
22410 Plourhan
14%
22170 Plouvara
14%
22140 Pluzunet
14%
22120 Pommeret
14%
22140 Prat
14%
22800 Quintin
14%
22110 Rostrenen
14%
22400 Saint-Alban
14%
22800 Saint-Gildas
14%
22290 Saint-Gilles-les-Bois
14%
22940 Saint-Julien
14%
22480 Saint-Nicolas-du-Pélem
14%
22700 Saint-Quay-Perros
14%
22410 Saint-Quay-Portrieux
14%
22560 Trébeurden
14%
22600 Trévé
14%
22930 Yvias
14%
22140 Berhet
7%
22680 Binic-Étables-sur-Mer
7%
22390 Bourbriac
7%
22510 Bréhand
7%
22170 Bringolo
7%
22250 Broons
7%
22160 Callac
7%
22300 Caouënnec-Lanvézéac
7%
22170 Châtelaudren-Plouagat
7%
22140 Coatascorn
7%
22400 Coëtmieux
7%
22320 Corlay
7%
22800 Fœil
7%
22230 Gomené
7%
22290 Gommenec'h
7%
22400 Hénansal
7%
22610 Kerbors
7%
22450 Kermaria-Sulard
7%
22770 Lancieux
7%
22800 Lanfains
7%
22450 Langoat
7%
22490 Langrolay-sur-Rance
7%
22290 Lanleff
7%
22580 Lanloup
7%
22290 Lannebert
7%
22410 Lantic
7%
22100 Lanvallay
7%
22810 Loc-Envel
7%
22780 Loguivy-Plougras
7%
22710 Penvénan
7%
22550 Pléboulle
7%
22290 Pléguien
7%
22290 Pléhédel
7%
22980 Plélan-le-Petit
7%
22210 Plémet
7%
22640 Plénée-Jugon
7%
22640 Plestan
7%
22610 Pleubian
7%
22740 Pleudaniel
7%
22130 Pléven
7%
22340 Plévin
7%
22260 Ploëzal
7%
22830 Plouasne
7%
22300 Ploubezre
7%
22470 Plouézec
7%
22810 Plougonver
7%
22780 Plougras
7%
22820 Plougrescant
7%
22110 Plouguernével
7%
22300 Ploumilliau
7%
22810 Plounévez-Moëdec
7%
22860 Plourivo
7%
22130 Pluduno
7%
22260 Quemper-Guézennec
7%
22106 Quévert
7%
22400 Quintenic
7%
22550 Ruca
7%
22260 Runan
7%
22480 Saint-Connan
7%
22400 Saint-Denoual
7%
22800 Saint-Donan
7%
22460 Saint-Hervé
7%
22750 Saint-Jacut-de-la-Mer
7%
22140 Saint-Laurent
7%
22300 Saint-Michel-en-Grève
7%
22200 Squiffiec
7%
22100 Taden
7%
22140 Tonquédec
7%
22510 Trébry
7%
22510 Trédaniel
7%
22220 Trédarzec
7%
22590 Trégomeur
7%
22420 Trégrom
7%
22290 Tréguidel
7%
22660 Trélévern
7%
22310 Trémel
7%
22490 Tréméreuc
7%
22290 Tréméven
7%
22340 Tréogan
7%
22290 Tressignaux
7%
22410 Tréveneuc
7%
22450 Trézény
7%
22800 Vieux-Bourg
7%
22420 Vieux-Marché
7%
22400 Andel
0%
22100 Aucaleuc
0%
22650 Beaussais-sur-Mer
0%
22100 Bobital
0%
22320 Bodéo
0%
22570 Bon Repos sur Blavet
0%
22170 Boqueho
0%
22240 Bouillie
0%
22130 Bourseul
0%
22100 Brusvily
0%
22160 Bulat-Pestivien
0%
22160 Calanhel
0%
22100 Calorguen
0%
22210 Cambout
0%
22480 Canihuel
0%
22160 Carnoët
0%
22350 Caulnes
0%
22530 Caurel
0%
22630 Champs-Géraux
0%
22350 Chapelle-Blanche
0%
22160 Chapelle-Neuve
0%
22210 Chèze
0%
22970 Coadout
0%
22450 Coatréven
0%
22210 Coëtlogon
0%
22800 Cohiniac
0%
22130 Corseul
0%
22130 Créhen
0%
22160 Duault
0%
22250 Éréac
0%
22630 Évran
0%
22290 Faouët
0%
22150 Gausson
0%
22110 Glomel
0%
22460 Grâce-Uzel
0%
22350 Guenroc
0%
22530 Guerlédan
0%
22350 Guitté
0%
22390 Gurunhuel
0%
22320 Harmoye
0%
22320 Haut-Corlay
0%
22600 Hémonstoir
0%
22550 Hénanbihen
0%
22100 Hinglé
0%
22870 Île-de-Bréhat
0%
22230 Illifaut
0%
22270 Jugon-les-Lacs - Commune nouvelle
0%
22110 Kergrist-Moëlou
0%
22480 Kerien
0%
22140 Kermoroc'h
0%
22480 Kerpert
0%
22140 Landebaëron
0%
22130 Landébia
0%
22980 Landec
0%
22980 Languédias
0%
22130 Languenan
0%
22300 Lanmérin
0%
22610 Lanmodez
0%
22250 Lanrelas
0%
22480 Lanrivain
0%
22170 Lanrodec
0%
22420 Lanvellec
0%
22230 Laurenan
0%
22570 Lescouët-Gouarec
0%
22800 Leslay
0%
22340 Locarn
0%
22160 Lohuec
0%
22230 Loscouët-sur-Meu
0%
22340 Maël-Carhaix
0%
22160 Maël-Pestivien
0%
22480 Magoar
0%
22640 Malhoure
0%
22450 Mantallot
0%
22440 Méaugon
0%
22270 Mégrit
0%
22110 Mellionnec
0%
22330 Mené
0%
22230 Mérillac
0%
22460 Merléac
0%
22200 Merzer
0%
22220 Minihy-Tréguier
0%
22510 Moncontour
0%
22600 Motte
0%
22200 Moustéru
0%
22340 Moustoir
0%
22400 Noyal
0%
22340 Paule
0%
22510 Penguily
0%
22480 Peumerit-Quintin
0%
22270 Plédéliac
0%
22570 Plélauff
0%
22150 Plémy
0%
22170 Plerneuf
0%
22490 Pleslin-Trigavou
0%
22690 Pleudihen-sur-Rance
0%
22740 Pleumeur-Gautier
0%
22240 Plévenon
0%
22150 Plœuc-L'Hermitage
0%
22130 Plorec-sur-Arguenon
0%
22490 Plouër-sur-Rance
0%
22150 Plouguenast-Langast
0%
22220 Plouguiel
0%
22110 Plounévez-Quintin
0%
22160 Plourac'h
0%
22420 Plouzélambre
0%
22290 Pludual
0%
22310 Plufur
0%
22350 Plumaudan
0%
22250 Plumaugat
0%
22210 Plumieux
0%
22240 Plurien
0%
22160 Plusquellec
0%
22320 Plussulien
0%
22390 Pont-Melvez
0%
22210 Prénessaye
0%
22450 Quemperven
0%
22460 Quillio
0%
22630 Quiou
0%
22450 Roche-Jaudy
0%
22250 Rouillac
0%
22390 Saint-Adrien
0%
22630 Saint-André-des-Eaux
0%
22600 Saint-Barnabé
0%
22800 Saint-Bihy
0%
22800 Saint-Brandan
0%
22600 Saint-Caradec
0%
22100 Saint-Carné
0%
22150 Saint-Carreuc
0%
22380 Saint-Cast-le-Guildo
0%
22260 Saint-Clet
0%
22530 Saint-Connec
0%
22210 Saint-Étienne-du-Gué-de-l'Isle
0%
22480 Sainte-Tréphine
0%
22720 Saint-Fiacre
0%
22480 Saint-Gilles-Pligeaux
0%
22530 Saint-Gilles-Vieux-Marché
0%
22510 Saint-Glen
0%
22100 Saint-Hélen
0%
22570 Saint-Igeaux
0%
22170 Saint-Jean-Kerdaniel
0%
22350 Saint-Jouan-de-l'Isle
0%
22630 Saint-Judoce
0%
22630 Saint-Juvat
0%
22230 Saint-Launeuc
0%
22130 Saint-Lormel
0%
22350 Saint-Maden
0%
22320 Saint-Martin-des-Prés
0%
22600 Saint-Maudan
0%
22980 Saint-Maudez
0%
22320 Saint-Mayeux
0%
22980 Saint-Méloir-des-Bois
0%
22980 Saint-Michel-de-Plélan
0%
22160 Saint-Nicodème
0%
22720 Saint-Péver
0%
22550 Saint-Pôtan
0%
22270 Saint-Rieul
0%
22100 Saint-Samson-sur-Rance
0%
22160 Saint-Servais
0%
22460 Saint-Thélo
0%
22510 Saint-Trimoël
0%
22230 Saint-Vran
0%
22720 Senven-Léhart
0%
22250 Sévignac
0%
22640 Tramain
0%
22980 Trébédan
0%
22340 Trébrivan
0%
22250 Trédias
0%
22300 Trédrez-Locquémeau
0%
22310 Tréduder
0%
22340 Treffrin
0%
22630 Tréfumel
0%
22540 Tréglamus
0%
22200 Trégonneau
0%
22100 Trélivan
0%
22110 Trémargat
0%
22250 Trémeur
0%
22230 Trémorel
0%
22290 Trévérec
0%
22660 Trévou-Tréguignec
0%
22100 Trévron
0%
22450 Troguéry
0%
22690 Vicomté-sur-Rance
0%
22980 Vildé-Guingalan
0%
22350 Yvignac-la-Tour
0%
Aucun quiz correspondant
Distribution des résultats
% des personnes avec chaque résultat
Percentile par nombre de réponses
Votre historique - résultats
Vous n’avez pas pris ce quiz